000 00783nam a22002537i 4500
005 20210818182126.0
008 190108n uy a br 000 j spa d
020 _a9974773091
040 _aCOMFC
_bspa
_erda
099 _aC PIRP
245 0 4 _aEl pirata Barbanegra
264 0 1 _aMontevideo (Uruguay)
_bEditora Sudamer S. A.
_cSin fecha conocida
300 _a[8] páginas
_bilustraciones
336 _2rdacontent
_atxt
337 _2rdamedia
_an
338 _2rdacarrier
_anc
490 _953744
_aActicuentos. Cuentos Fantásticos
090 _aC
_bPIRP
650 0 _921349
_aLiteratura Infantil
650 0 _910648
_aCuentos Infantiles
650 0 _953734
_aSelección Literatura Infantil
650 0 _950098
_aCuentos Fantásticos
942 _2ddc
_hC PIRP
_kC
_mPIRP
999 _c14401
_d14401